00609nam a22001697a 450000500170000002000230001703500130004003700130005310000310006624500780009726000420017530000270021770000300024494200260027499900170030095201220031720120525142352.0 a8171943764c400.00 aB-168654 aDPLbENG aSinghania, Vinod K.947945 aDirect taxes ready reckoner /cby Vinod K. Singhania and Jeewan Singhania aNew DelhibTaxmann Publicationsc2005 avarious pagesc22 cms. aSinghania, Jeewan 947946 2ddccENh343.052mSIN c67173d67173 001040708NFICaZLSbZLSd2012-05-25g400.00l0o343.052 SINpB-168654r2012-05-25 00:00:00v400.00w2012-05-25yEN